00450nam a2200157Ia 4500999001700000003000400017005001700021008004100038040000900079082002200088100003600110245005100146260003600197300000900233942005000242 c18703d18703OSt20200625115240.0190216s9999||||xx |||||||||||||| ||und|| coclc a954.035092bAZA/I a Azad, Maulana Abul Kalam91842 0aIndia Wins Freedom /cMaulana Abul Kalam Azad bOrient Longman,c1988.aBombay: a232p cBK2ddch954.035092iAZA/Ik954.035092mAZA/I